000 00537nam a2200205Ia 4500
008 170918s9999 xx 000 0 und d
020 _a439131456
050 _bL138 1995
100 _aLachtman, Ofelia Dumas
245 _aPepita talks twice =
245 _bPepita habla dos veces /
245 _cOfelia Dumas Lachtman ; illustrated by Alex Pardo DeLange.
260 _aNew York :
260 _bScholastic,
260 _c1995
300 _aunpaged :
300 _bcolored illustration ;
300 _c28cm.
500 _a470
999 _c341169
_d341169